书目信息 |
| 题名: |
麝香之路上的西藏宗教文化
|
|
| 作者: | 常霞青 著 | |
| 分册: | ||
| 出版信息: | 杭州 浙江人民出版社 1988.6 |
|
| 页数: | 319页 | |
| 开本: | 20厘米 | |
| 丛书名: | 世界文化丛书 | |
| 单 册: | ||
| 中图分类: | K281.4 | |
| 科图分类: | ||
| 主题词: | 民族文化--宗教文化--西藏 | |
| 电子资源: | ||
| ISBN: | 7-213-00167-1 | |
| 000 | 00857nam2 2200265 450 | |
| 001 | 0100238122 | |
| 005 | 20051018150225.0 | |
| 010 | @a7-213-00167-1@dCNY3.30 | |
| 011 | @a7-213-00167-1 | |
| 100 | @a19910415d1988 k y0chiy0110 ea | |
| 101 | 0 | @achi |
| 102 | @aCN@b330000 | |
| 105 | @ab z 000yy | |
| 106 | @ar | |
| 200 | 1 | @a麝香之路上的西藏宗教文化@9She Xiang Zhi Lu Shang De;Di Xi Cang;Zang Zong Jiao Wen Hua @f常霞青著@b专著 |
| 210 | @a杭州@c浙江人民出版社@d1988.6 | |
| 215 | @a319页@c地图@d20厘米 | |
| 225 | 2 | @a世界文化丛书@f周谷城,田汝康主编 |
| 330 | @a本书对西藏的族源问题,西藏的独特文化-特别是对宗教文化进行了探讨。 | |
| 410 | 0 | @12001 @a世界文化丛书 |
| 606 | 0 | @a民族文化@x宗教文化@y西藏 |
| 690 | @aK281.4@v1980 | |
| 701 | 0 | @a常霞青@9chang xia qing@4著 |
| 801 | 0 | @aCN@bAiZhiMarc@c19910415 |
| 905 | @aBZT@dK281.4@e2@f2@sK281.4/2 | |
| 麝香之路上的西藏宗教文化/常霞青著.-杭州:浙江人民出版社,1988.6 |
| 319页:地图;20厘米.-(世界文化丛书/周谷城,田汝康主编) |
| ISBN 7-213-00167-1:CNY3.30 |
| 本书对西藏的族源问题,西藏的独特文化-特别是对宗教文化进行了探讨。 |
| ● |
| 相关链接 |
|
|
|
正题名:麝香之路上的西藏宗教文化
索取号:K281.4/2
 
预约/预借
| 序号 | 登录号 | 条形码 | 馆藏地/架位号 | 状态 | 备注 |
| 1 | 2000109547 | 2000109547 | 旧书回溯/ [索取号:K281.4/2] | 在馆 | |
| 2 | 2000109557 | 2000109557 | 旧书回溯/ [索取号:K281.4/2] | 在馆 |